000 00809nam a2200265Ia 4500
003 OSt
005 20221005072914.0
006 a|||||r|||| 00| 0
007 ta
008 221004b |||||||| |||| 00| 0 urd d
020 _cINR 350.00
024 _a66842
037 _b2377, 19/02/2020, M.R.Publications
_cTextual
040 _aCRL
_cCRL
_burd
041 _2urd
_aurd
082 _aO168,1M02x, P5
100 _aDabeer Mirza Salamat Ali Au.
_9607577
245 0 _aKalam-e-Dabeer
260 _aNew Delhi
_bFarid book depot India
_c2005
300 _a556p.
_ccm.
650 _aURDU POETRY
700 _a Argali Farooq Co.
942 _hO168,1M02x, P5
_cTEXL
_2cc
999 _c980261
_d980261